Manganese in California : including outline geologic map of California, showing locations of manganese properties /

Bibliographic Details
Corporate Authors: Geological Survey (U.S.), California. University. Department of Geological Sciences
Format: Book
Language:English
Published: [San Francisco], [publisher not identified] ; [1943]
Series:Bulletin (California. Division of Mines) ; no. 125.
Subjects:

MARC

Tag First Indicator Second Indicator Subfields
LEADER 00000cam a2200000 4500
001 in00000037162
005 20151007072230.0
008 750731s1943 cauab b 00000 eng c
010 |a gs 44000064  
035 |a (OCoLC)01493409 
035 |9 AAE7493AM 
040 |a U.S. Geol. Survey. Libr.  |c YSM  |d TXA  |d UtOrBLW 
049 |a TXAM  |c [246537] 
050 0 |a TN24.C2  |b A3 no. 125 
245 0 0 |a Manganese in California :  |b including outline geologic map of California, showing locations of manganese properties /  |c Prepared under the direction of Olaf P. Jenkins ... 
264 1 |a [San Francisco],  |b [publisher not identified] ;  |c [1943] 
300 |a 387 pages :  |b illustrations, maps (1 folded, in pocket) tables (1 folded) 23 cm. 
336 |a text  |b txt  |2 rdacontent 
337 |a unmediated  |b n  |2 rdamedia 
338 |a volume  |b nc  |2 rdacarrier 
490 1 |a California. Dept. of natural resources. Division of Mines. Bulletin ;  |v no. 125 
500 |a Cooperating agencies, Geological survey, United States Dept. of the interior, Dept. of geological sciences, University of California, Dept. of mining, Stanford university. 
504 |a Bibliography: pages 34-40, 209-215. Bibliographical foot-notes. 
505 0 |a Preface.--History of the manganese industry, by R. S. Kroger.--Occurrence and minerals of manganese, by T. H. Crook.--Utilization of California manganese ores, by O. C. Shepard.--Manganese deposits of California, a summary report (including tabulated data on manganese properties of California) by P. D. Trask, I. F. Wilson and F. S. Simons.--Genesis of the manganese deposits of the coast ranges of California, by N. L. Taliaferro and F. S. Hudson.--Manganese deposits of the Sierra Nevada, their genesis and metamorphism, by N. L. Taliaferro.--Publications of the Division of mines.--Index. 
650 0 |a Manganese. 
650 0 |a Manganese ores  |z California. 
650 0 |a Geology  |z California. 
710 2 |a Geological Survey (U.S.) 
710 1 |a California.  |b University.  |b Department of Geological Sciences. 
830 0 |a Bulletin (California. Division of Mines) ;  |v no. 125. 
999 |a MARS 
999 f f |s e45e4639-81d9-3e30-a634-21439a914006  |i 6d94230c-1172-3066-b96d-7f59b5d9bf54  |t 0 
952 f f |p ric  |a Texas A&M University  |b Rellis Campus  |c Joint Library Facility  |d Remote Storage  |t 0  |e TN24.C2 A3 no. 125  |h Library of Congress classification  |i unmediated -- volume  |m A14805561919 
998 f f |a TN24.C2 A3 no. 125  |t 0  |l Remote Storage